1958 1880 1898 1992 1086 1484 1644 1386 1313 1058 1835 1339 1715 1501 1724 1233 1501 1647 1940 1116 1433 1334 1948 1162 1983 1476 1827 1162 1350 1460 1569 1755 1806 1469 1039 1772 1186 1550 1827 1395 1934 1627 1686 1302 1453 1110 1456 1093 1266 1007 1147 1780 1886 1468 1042 1522 1734 1737 1939 1456 1801 1414 1432 1518 1069 1004 1305 1550 1113 1904 1881 1131 1575 1033 1907 1906 1055 1964 1827 1185 1008 1112 1975 1504 1680 1244 1833 1174 1244 1921 1696 1858 1145 1238 1303 1869 1614 1625 1643 BCNSPRNW ULIB Ver.6.0+V

เปลี่ยนเป็นภาษาไทย

Change to English
 แสดงรายละเอียดบรรณานุกรม
  กลับหน้าหลัก

Brief Record : Get Marc (ISO 2709) : E-mail record : QR code < ปิดหน้าต่าง
LEADER : 00000nam 2200000uu 4500
001    13399110143
003     ULIB
008    110422s2552||||th 000 0 tha d
024    9786117024061
090    นว^bว485ซ 2552
100 0  วารีสีคราม
245    ซัมมอร์รัก...พักหัวใจนายไฮโซ^cวารีสีคราม
260    กรุงเทพฯ:^bHappy book,^c2552
300    176 หน้า
945    ^p79^l0^i029996
995    เกษร
999     ^aใช้งานได้ทุกระบบ
รายการนี้ยังไม่มีแท็ก
คุณยังไม่ได้ล็อกอิน คุณสามารถมีกิจกรรมร่วมกับเว็บไซต์ได้ แต่ต้องล็อกอินก่อน ::
  ล็อกอิน

รายการสื่อสารสนเทศ

ลำดับที่ ประเภท เลขเรียก/บาร์โค้ด สถานที่ สถานะ
1. นวนิยาย
นวนิยาย
นว ว485ซ 2552  
  Barcode: 029996
ห้องสมุดวิทยาเขตสวรรค์ประชารักษ์
►นวนิยาย
บนชั้น
  ขอยืม

BibComment


ยังไม่เคยถูกคอมเมนท์

คอมเมนท์ทรัพยากรรายการนี้
  คอมเมนท์: ซัมมอร์รักพักหัวใ..


 Copyright 2026. Bcnsprnw @Library